Online
Catalog

Poemas, pensamientos y reflexión sobre el conocimiento de Dios. / (Record no. 48847)

MARC details
000 -CABECERA
campo de control de longitud fija 00794nam a2200265 a 4500
001 - NÚMERO DE CONTROL
campo de control
003 - IDENTIFICADOR DEL NÚMERO DE CONTROL
campo de control OSt
005 - FECHA Y HORA DE LA ÚLTIMA TRANSACCIÓN
campo de control 20220819141634.0
007 - CAMPO FIJO DE DESCRIPCIÓN FÍSICA--INFORMACIÓN GENERAL
campo de control de longitud fija ta
008 - DATOS DE LONGITUD FIJA--INFORMACIÓN GENERAL
campo de control de longitud fija 110426s20uu dr 000 0 spa d
040 ## - FUENTE DE LA CATALOGACIÓN
Centro catalogador/agencia de origen DO-SdBNP
Lengua de catalogación spa
Centro/agencia transcriptor DO-SdBNP
049 ## - FONDOS LOCALES (OCLC)
Fondos de biblioteca
082 #4 - NÚMERO DE LA CLASIFICACIÓN DECIMAL DEWEY
Número de clasificación RD861.5
Número de documento/Ítem V145p
Número de edición 22
100 1# - ENTRADA PRINCIPAL--NOMBRE DE PERSONA
Nombre de persona Valdez Almonte, Víctor A.
9 (RLIN) 56567
245 10 - MENCIÓN DE TÍTULO
Título Poemas, pensamientos y reflexión sobre el conocimiento de Dios. /
Mención de responsabilidad, etc. Victor A. Valdez Almonte.
260 ## - PUBLICACIÓN, DISTRIBUCIÓN, ETC.
Lugar de publicación, distribución, etc. [Santo Domingo] :
Nombre del editor, distribuidor, etc. [s. l.],
Fecha de publicación, distribución, etc. [200-?].
300 ## - DESCRIPCIÓN FÍSICA
Extensión 116 p. ;
Dimensiones 22 cm.
500 ## - NOTA GENERAL
Nota general
590 ## - NOTA LOCAL (RLIN)
Nota local Inventariado, 2020/VM
650 #4 - PUNTO DE ACCESO ADICIONAL DE MATERIA--TÉRMINO DE MATERIA
Término de materia o nombre geográfico como elemento de entrada Poesía religiosa dominicana
9 (RLIN) 24595
650 #4 - PUNTO DE ACCESO ADICIONAL DE MATERIA--TÉRMINO DE MATERIA
Término de materia o nombre geográfico como elemento de entrada Dios
Subdivisión de forma Citas, máximas, etc .
9 (RLIN) 82195
650 #4 - PUNTO DE ACCESO ADICIONAL DE MATERIA--TÉRMINO DE MATERIA
Término de materia o nombre geográfico como elemento de entrada Literatura dominicana
910 ## - DATOS DE OPCIÓN DEL USUARIO (OCLC)
Datos de opción del usuario Validado. Control de calidad MFF
942 ## - ELEMENTOS DE PUNTO DE ACCESO ADICIONAL (KOHA)
Fuente del sistema de clasificación o colocación Dewey Decimal Classification
Tipo de ítem Koha Libro
Holdings
Estado de retiro Estado de pérdida Fuente del sistema de clasificación o colocación Restricciones de uso No para préstamo Código de colección Localización permanente Ubicación/localización actual Ubicación en estantería Fecha de adquisición Fuente de adquisición Signatura topográfica completa Código de barras Fecha visto por última vez Precio válido a partir de Tipo de ítem Koha Número de copia
    Dewey Decimal Classification Excluido de préstamo   Patrimonio Dominicano Biblioteca Nacional Pedro Henríquez Ureña Biblioteca Nacional Pedro Henríquez Ureña Depósito 08.10.2020 Depósito Legal BNPHU PD RD861.5 V145p 2020-0129 08.10.2020 08.10.2020 Libro  
    Dewey Decimal Classification Excluido de préstamo   Monografías: Libros y Folletos Biblioteca Nacional Pedro Henríquez Ureña Biblioteca Nacional Pedro Henríquez Ureña Depósito 08.10.2020 Depósito Legal BNPHU PD RD861.5 V145p 2020-0130 08.10.2020 08.10.2020 Libro e.2
    Dewey Decimal Classification Préstamo en sala   Dominicana de Servicio Biblioteca Nacional Pedro Henríquez Ureña Biblioteca Nacional Pedro Henríquez Ureña Depósito 08.10.2020 Deposito Legal BNPHU DS RD861.5 V145p 2020-0131 08.10.2020 08.10.2020 Libro e.3

Powered by Koha